| 000 | 00448nam a2200157 i 4500 | ||
|---|---|---|---|
| 001 | 85619 | ||
| 003 | ES-MaACL | ||
| 005 | 20230906175255.0 | ||
| 007 | t| | ||
| 008 | 041130s1911 sp ||||1| spa d | ||
| 100 | 1 |
_aJuliá, Justo. _967228 |
|
| 245 | 1 | 0 |
_aValor pronóstico de las albúminas urinarias / _cpor Justo Juliá. |
| 260 |
_aCádiz : _b[s.n., _c1911] ( _fEl correo de Cádiz) |
||
| 502 | _aTesis doctoral. | ||
| 852 |
_aES-MaACL _jT-1227-F-4 |
||
| 999 |
_c85619 _d85619 |
||